Every Song by Destroy Rebuild Until God Shows - Statistics

General Stats
  • This quiz has been taken 3 times
  • The average score is 7 of 41
Answer Stats
Album Song % Correct
D.R.U.G.S.(2011) Graveyard Dancing
100%
D.R.U.G.S.(2011) If You Think This Song Is About You, It Probably Is
100%
Until God Shows(2024) It Follows
100%
D.R.U.G.S.(2011) I'm Here to Take the Sky
50%
D.R.U.G.S.(2011) Laminated E.T. Animal
50%
Until God Shows(2024) Losers Stay Losers (Let-down)
50%
D.R.U.G.S.(2011) Mr. Owl Ate My Metal Worm
50%
D.R.U.G.S.(2011) Sex Life
50%
D.R.U.G.S.(2011) The Only Thing You Talk About
50%
D.R.U.G.S.(Hidden)(2011) Untitled
50%
D.R.U.G.S.(Bonus)(2011) A Little Kiss and Tell
0%
Destroy Rebuild(2022) (Are we not drawn onward to) NEW ERA
0%
Destroy Rebuild(2022) Brighter Side
0%
Until God Shows(2024) Crawl From Under
0%
Until God Shows(2024) Debt Collector (Best of Me)
0%
Destroy Rebuild(2022) DESTINY
0%
D.R.U.G.S.(B-Side)(2011) Ghost Town
0%
Destroy Rebuild(2022) GOLD
0%
Destroy Rebuild(2022) Gravity (My Ever Ghost)
0%
Until God Shows(2024) Headcase
0%
Until God Shows(2024) Hunger Pangs
0%
D.R.U.G.S.(2011) I'm the Rehab, You're the Drugs
0%
Non-Album(2020) King I Am
0%
Until God Shows(2024) MALICE
0%
D.R.U.G.S.(2011) My Swagger Has a First Name
0%
D.R.U.G.S.(B-Side)(2011) Never Odd or Even
0%
Destroy Rebuild(2022) Outcasts VS Everyone
0%
D.R.U.G.S.(B-Side)(2011) Rehab in Rifle Rounds
0%
Destroy Rebuild(2022) Satellites in Motion
0%
D.R.U.G.S.(B-Side)(2011) Scream if You're Crazy
0%
Until God Shows(2024) STEEL
0%
D.R.U.G.S.(2011) Stop Reading, Start Doing Pushups
0%
Destroy Rebuild(2022) Supercalifragilisticexistentialcrisis
0%
Destroy Rebuild(2022) The Arm
0%
D.R.U.G.S.(2011) The Hangman
0%
D.R.U.G.S.(B-Side)(2011) The Holly Situation
0%
Destroy Rebuild(2022) The Longest Road
0%
Until God Shows(2024) The Sweet Misery
0%
Until God Shows(2024) Two Hand Touch
0%
Destroy Rebuild(2022) Waiting on You
0%
Destroy Rebuild(2022) What's the Code for Heaven's Gate?
0%
No matching quizzes found
Score Distribution
Percent of People with Each Score
Percentile by Number Answered
Your Score History
You have not taken this quiz